[Event "Aeroflot Open 2015"]
[Site "Moscú RUS"]
[Date "2015.04.01"]
[Round "6.4"]
[White "Korobov, Anton"]
[Black "Adhiban, B."]
[Result "0-1"]
[WhiteElo "2694"]
[BlackElo "2646"]
[PlyCount "159"]
[EventDate "2015.03.27"]
[EventType "swiss"]
[EventRounds "9"]
[EventCountry "RUS"]
[Source "lmi"]
[SourceDate "2015.03.27"]

1. d4 d5 2. c4 e6 3. Nc3 c6 4. e3 Nf6 5. Nf3 Nbd7 6. Qc2 Bd6 7. Bd3 O-O 8. O-O
dxc4 9. Bxc4 b5 10. Be2 Qe7 11. e4 e5 12. Rd1 a6 13. Bg5 Re8 14. a3 h6 15. Bh4
Bb8 16. Kh1 Bb7 17. b4 exd4 18. Nxd4 c5 19. Nf5 Qe6 20. f3 Be5 21. Bg3 Rac8 22.
Bxe5 Qxe5 23. Rac1 Re6 24. Qd2 cxb4 25. axb4 Qb8 26. g4 Ne5 27. Nd5 Rce8 28.
Nxf6+ Rxf6 29. Rc5 Ng6 30. g5 hxg5 31. Qxg5 Bc8 32. Bf1 Bxf5 33. exf5 Qf4 34.
Qg4 Qe3 35. Qg3 Nh4 36. Rd3 Qe1 37. Qxe1 Rxe1 38. Rd8+ Kh7 39. Kg1 Rb1 40. Kf2
Nxf5 41. Rxf5 Rxf1+ 42. Kxf1 Rxf5 43. Kf2 Rf4 44. Rd6 Rxb4 45. Rxa6 Rf4 46. Ke3
Rf5 47. Rb6 Re5+ 48. Kf4 Rc5 49. Kg3 g6 50. h4 Kg7 51. Kh3 Rh5 52. Kg3 Rd5 53.
Kh3 Kh7 54. Kg3 Kg8 55. Rb7 Kf8 56. Kh3 Ke8 57. Kg4 Rc5 58. Kg3 Rf5 59. Kf2 Kd8
60. Ke3 Kc8 61. Re7 b4 62. Re4 Rb5 63. Kd2 b3 64. Kc1 b2+ 65. Kb1 Kd7 66. Re2
Kd6 67. f4 Rh5 68. Rh2 Ke6 69. Kxb2 Kf5 70. Kc3 Kg4 71. Rg2+ Kf3 72. Rg1 Rxh4
73. f5 Kf2 74. Ra1 gxf5 75. Kd3 Rh3+ 76. Kd4 f4 77. Ra2+ Kg3 78. Ra7 f3 79.
Rxf7 Rh1 80. Rg7+ 0-1

[Event "Aeroflot Open 2015"]
[Site "Moscú RUS"]
[Date "2015.04.01"]
[Round "6.5"]
[White "Lu, Shanglei"]
[Black "Petrosian, Tigran L"]
[Result "1/2-1/2"]
[WhiteElo "2570"]
[BlackElo "2671"]
[PlyCount "91"]
[EventDate "2015.03.27"]
[EventType "swiss"]
[EventRounds "9"]
[EventCountry "RUS"]
[Source "lmi"]
[SourceDate "2015.03.27"]

1. e4 c6 2. Nc3 d5 3. Nf3 Bg4 4. h3 Bxf3 5. Qxf3 Nf6 6. d3 e6 7. g4 Nbd7 8. h4
Bb4 9. g5 d4 10. Bd2 Ne5 11. Qe2 dxc3 12. bxc3 Ba5 13. d4 Nfd7 14. dxe5 Qb6 15.
f4 O-O-O 16. Qc4 Qb2 17. Rc1 Qa3 18. Qb3 Qc5 19. Rh3 Nb6 20. Rd3 Qg1 21. Be3
Qh1 22. Rcd1 Qxh4+ 23. Kd2 Qh1 24. Re1 Qf3 25. Rd6 Qxe4 26. Bxb6 Qxf4+ 27. Be3
Qxe5 28. Rd3 Rd6 29. Bxa7 Qxg5+ 30. Be3 Qe5 31. Rb1 b5 32. Qa3 Bc7 33. Qa8+ Bb8
34. a4 Rhd8 35. axb5 cxb5 36. c4 Qh2+ 37. Bg2 Kd7 38. Rxb5 Ke8 39. Ke2 Ba7 40.
Qf3 Bxe3 41. Rxd6 Rxd6 42. Rb8+ Ke7 43. Rb7+ Kd8 44. Rb8+ Ke7 45. Rb7+ Kd8 46.
Rb8+ 1/2-1/2

[Event "Aeroflot Open 2015"]
[Site "Moscú RUS"]
[Date "2015.04.01"]
[Round "6.9"]
[White "Grachev, Boris"]
[Black "Potkin, Vladimir"]
[Result "1/2-1/2"]
[WhiteElo "2673"]
[BlackElo "2605"]
[PlyCount "29"]
[EventDate "2015.03.27"]
[EventType "swiss"]
[EventRounds "9"]
[EventCountry "RUS"]
[Source "lmi"]
[SourceDate "2015.03.27"]

1. d4 d5 2. c4 c6 3. Nf3 Nf6 4. Nc3 dxc4 5. a4 e6 6. e3 c5 7. Bxc4 cxd4 8. exd4
Be7 9. O-O Nc6 10. Qe2 O-O 11. Rd1 Nb4 12. Bg5 h6 13. Bxf6 Bxf6 14. Ne5 Qc7 15.
Ng4 1/2-1/2

[Event "Aeroflot Open 2015"]
[Site "Moscú RUS"]
[Date "2015.04.01"]
[Round "6.10"]
[White "Sjugirov, Sanan"]
[Black "Shimanov, Aleksandr"]
[Result "1/2-1/2"]
[WhiteElo "2669"]
[BlackElo "2594"]
[PlyCount "118"]
[EventDate "2015.03.27"]
[EventType "swiss"]
[EventRounds "9"]
[EventCountry "RUS"]
[Source "lmi"]
[SourceDate "2015.03.27"]

1. c4 g6 2. d4 Nf6 3. Nc3 Bg7 4. e4 O-O 5. Nf3 d6 6. Be2 e5 7. Be3 Na6 8. O-O
c6 9. d5 Ng4 10. Bg5 f6 11. Bh4 h5 12. h3 Nh6 13. dxc6 bxc6 14. Qd2 Nf7 15.
Rad1 Be6 16. a3 Nc7 17. b4 Qe7 18. Qc2 Rfd8 19. Qa4 Bd7 20. b5 cxb5 21. Qa5 Be6
22. Nd5 Nxd5 23. cxd5 Bd7 24. Bxb5 Bxb5 25. Qxb5 Rab8 26. Qd3 Bh6 27. Nd2 Bxd2
28. Rxd2 g5 29. Bg3 h4 30. Bh2 Rdc8 31. Rc2 Qb7 32. Rxc8+ Qxc8 33. Kh1 a5 34.
Qe3 a4 35. Rc1 Qa6 36. Bg1 Rb3 37. Rc3 Rb1 38. Rc1 Rb3 39. Rc3 Qb7 40. Qc1 Rxc3
41. Qxc3 Qb3 42. Qc1 Kg7 43. f3 f5 44. exf5 Qxd5 45. Be3 Kf6 46. Qc8 e4 47.
fxe4 Qxe4 48. Bg1 Qxf5 49. Bd4+ Kg6 50. Qg8+ Kh5 51. Qe8 Qf1+ 52. Kh2 Qf4+ 53.
Kh1 Qf1+ 54. Kh2 Qf4+ 55. Kh1 Qc1+ 56. Kh2 Qc4 57. Qe4 Nh6 58. Qe8+ Nf7 59. Qe4
Nh6 1/2-1/2

[Event "Aeroflot Open 2015"]
[Site "Moscú RUS"]
[Date "2015.04.01"]
[Round "6.11"]
[White "Svetushkin, Dmitry"]
[Black "Kovalenko, Igor"]
[Result "1-0"]
[WhiteElo "2592"]
[BlackElo "2661"]
[PlyCount "115"]
[EventDate "2015.03.27"]
[EventType "swiss"]
[EventRounds "9"]
[EventCountry "RUS"]
[Source "lmi"]
[SourceDate "2015.03.27"]

1. e4 d6 2. d4 Nf6 3. Bd3 e5 4. c3 Be7 5. Nf3 Nbd7 6. O-O O-O 7. Re1 c6 8. a4
Re8 9. Nbd2 Bf8 10. b4 a5 11. b5 Nb6 12. h3 g6 13. Ba3 Nh5 14. Rb1 Nf4 15. Bf1
c5 16. Nc4 Nxc4 17. Bxc4 d5 18. exd5 e4 19. dxc5 Bf5 20. Ra1 Rc8 21. d6 Bxd6
22. Qxd6 Qxd6 23. cxd6 Rxc4 24. Nd2 Rxc3 25. Re3 Rd3 26. Nc4 Nd5 27. Ree1 b6
28. Rad1 Be6 29. Bb2 Rd8 30. Rc1 f5 31. Ba1 Nb4 32. Be5 Rd5 33. Bf6 Rb8 34. Ne3
Rc5 35. Rxc5 bxc5 36. Nc4 Kf7 37. Bh4 Nd3 38. Ra1 h6 39. Nxa5 g5 40. Nc6 Rc8
41. a5 c4 42. b6 Nc5 43. a6 Rxc6 44. a7 Rc8 45. a8=Q Rxa8 46. Rxa8 Nb7 47. Bg3
f4 48. Bh2 Bd5 49. g3 Nxd6 50. Ra5 Ke6 51. gxf4 c3 52. fxg5 c2 53. Bf4 hxg5 54.
Bxg5 Nc4 55. Ra2 e3 56. Rxc2 exf2+ 57. Rxf2 Nxb6 58. Rf6+ 1-0

[Event "Aeroflot Open 2015"]
[Site "Moscú RUS"]
[Date "2015.04.01"]
[Round "6.12"]
[White "Mamedov, Rauf"]
[Black "Bogdanovich, Stanislav"]
[Result "1-0"]
[WhiteElo "2658"]
[BlackElo "2581"]
[PlyCount "75"]
[EventDate "2015.03.27"]
[EventType "swiss"]
[EventRounds "9"]
[EventCountry "RUS"]
[Source "lmi"]
[SourceDate "2015.03.27"]

1. c4 c6 2. e4 d5 3. exd5 cxd5 4. Nf3 Nf6 5. cxd5 Nxd5 6. Nc3 Nc6 7. Bb5 a6 8.
Bxc6+ bxc6 9. Qa4 Bd7 10. Ne5 g6 11. O-O Bg7 12. Re1 O-O 13. d4 Ra7 14. Ne4
Bxe5 15. dxe5 Qb6 16. Qc4 Bf5 17. Bh6 Rd8 18. b3 a5 19. Rac1 Qb4 20. Nc5 Qxc4
21. Rxc4 Nb4 22. h3 Rd5 23. g4 Bc8 24. Kh2 Ra8 25. e6 fxe6 26. Re3 e5 27. a3
Na6 28. Nd3 c5 29. Nxe5 Rd4 30. Nc6 Rxc4 31. bxc4 Bd7 32. Nxe7+ Kh8 33. Rf3 Be6
34. Bf4 h5 35. Be5+ Kh7 36. Rf6 Bxc4 37. Rxg6 hxg4 38. Rg7+ 1-0

[Event "Aeroflot Open 2015"]
[Site "Moscú RUS"]
[Date "2015.04.01"]
[Round "6.13"]
[White "Motylev, Alexander"]
[Black "Grigoriants, Sergey"]
[Result "1/2-1/2"]
[WhiteElo "2653"]
[BlackElo "2573"]
[PlyCount "23"]
[EventDate "2015.03.27"]
[EventType "swiss"]
[EventRounds "9"]
[EventCountry "RUS"]
[Source "lmi"]
[SourceDate "2015.03.27"]

1. e4 e5 2. Nf3 Nc6 3. Bb5 a6 4. Ba4 Nf6 5. O-O Bc5 6. c3 b5 7. Bb3 d6 8. a4
Rb8 9. axb5 axb5 10. d3 h6 11. Bc2 O-O 12. Nbd2 1/2-1/2

[Event "Aeroflot Open 2015"]
[Site "Moscú RUS"]
[Date "2015.04.01"]
[Round "6.14"]
[White "Salem, A.R. Saleh"]
[Black "Khismatullin, Denis"]
[Result "1/2-1/2"]
[WhiteElo "2603"]
[BlackElo "2650"]
[PlyCount "81"]
[EventDate "2015.03.27"]
[EventType "swiss"]
[EventRounds "9"]
[EventCountry "RUS"]
[Source "lmi"]
[SourceDate "2015.03.27"]

1. e4 c6 2. d4 d5 3. e5 Bf5 4. Nf3 e6 5. Be2 Nd7 6. O-O h6 7. c3 Ne7 8. Na3 Qc7
9. b3 Bh7 10. c4 Ng6 11. cxd5 cxd5 12. Qd2 Qb6 13. Nb5 a6 14. Nd6+ Bxd6 15.
exd6 Nf6 16. Ba3 Ne4 17. Qe3 Nxd6 18. Bc5 Qc7 19. Rac1 O-O 20. Ne5 Rfc8 21. f4
Ne7 22. Bh5 g6 23. Be2 Nef5 24. Qd3 f6 25. Ng4 Ne4 26. Bf3 Nxc5 27. Nxf6+ Kg7
28. Rxc5 Qxf4 29. Bxd5 Qe3+ 30. Qxe3 Nxe3 31. Rxc8 Rxc8 32. Bxb7 Rb8 33. Rf3
Nf5 34. Bxa6 Kxf6 35. g4 Ra8 36. Bc4 Rxa2 37. gxf5 gxf5 38. Re3 Bg8 39. Rh3 Rd2
40. Rxh6+ Kg5 41. Rh3 1/2-1/2

[Event "Aeroflot Open 2015"]
[Site "Moscú RUS"]
[Date "2015.04.01"]
[Round "6.15"]
[White "Gabuzyan, Hovhannes"]
[Black "Kobalia, Mikhail"]
[Result "0-1"]
[WhiteElo "2553"]
[BlackElo "2632"]
[PlyCount "90"]
[EventDate "2015.03.27"]
[EventType "swiss"]
[EventRounds "9"]
[EventCountry "RUS"]
[Source "lmi"]
[SourceDate "2015.03.27"]

1. c4 e5 2. Nc3 Bb4 3. Nf3 Bxc3 4. dxc3 Nc6 5. e4 d6 6. Bd3 Nge7 7. h3 O-O 8.
g4 Ng6 9. Bg5 Qe8 10. Be3 b6 11. Qd2 Nd8 12. O-O-O Ne6 13. Ng1 Ngf4 14. Bxf4
Nxf4 15. Ne2 Nxe2+ 16. Bxe2 Be6 17. f4 exf4 18. Qxf4 Qc6 19. Rd4 a5 20. h4 Qc5
21. g5 f6 22. Rg1 fxg5 23. Qe3 g4 24. Bxg4 Bxg4 25. Rxg4 Rf1+ 26. Kc2 Raf8 27.
Rg2 R8f3 28. Qe2 a4 29. Rd2 h6 30. Rd4 Kh7 31. Rd2 Qe5 32. Rg4 a3 33. Rg1 axb2
34. Rxf1 Qxc3+ 35. Kb1 Rxf1+ 36. Qxf1 Qxd2 37. Qf5+ Kg8 38. Qe6+ Kf8 39. Qc8+
Kf7 40. Qd7+ Kf6 41. e5+ Kxe5 42. Qxg7+ Ke4 43. Qg6+ Kd4 44. Qg7+ Kd3 45. Qh7+
Kc3 0-1

[Event "Aeroflot Open 2015"]
[Site "Moscú RUS"]
[Date "2015.04.01"]
[Round "6.18"]
[White "Bluebaum, Matthias"]
[Black "Matlakov, Maxim"]
[Result "1/2-1/2"]
[WhiteElo "2576"]
[BlackElo "2693"]
[PlyCount "98"]
[EventDate "2015.03.27"]
[EventType "swiss"]
[EventRounds "9"]
[EventCountry "RUS"]
[Source "lmi"]
[SourceDate "2015.03.27"]

1. d4 Nf6 2. c4 e6 3. Nf3 b6 4. g3 Bb7 5. Bg2 Be7 6. O-O O-O 7. Re1 Na6 8. Ne5
Bxg2 9. Kxg2 c5 10. d5 Qc7 11. Nf3 Ne4 12. Nfd2 Nxd2 13. Bxd2 exd5 14. cxd5 Qb7
15. Nc3 b5 16. Bf4 d6 17. a4 b4 18. Ne4 Nc7 19. Bxd6 Nxd5 20. Kg1 Qc6 21. Bxe7
Nxe7 22. Nd2 Rfd8 23. Qc2 Nf5 24. Nb3 Nd4 25. Nxd4 Rxd4 26. Rac1 Rc8 27. b3 c4
28. e3 Rd3 29. Qxc4 Qxc4 30. bxc4 Kf8 31. c5 a5 32. Rc4 Rc3 33. Rxc3 bxc3 34.
Rc1 Rxc5 35. Kf1 Rc4 36. Ke2 Ke7 37. f3 Kd6 38. Kd3 Rxa4 39. Rxc3 Ra2 40. h4 a4
41. Rc4 a3 42. Ra4 Rf2 43. Rxa3 Rxf3 44. g4 Rh3 45. Ra6+ Ke5 46. Ra5+ Ke6 47.
Ra6+ Ke5 48. Ra5+ Ke6 49. Ra6+ Ke5 1/2-1/2

[Event "Aeroflot Open 2015"]
[Site "Moscú RUS"]
[Date "2015.04.01"]
[Round "6.19"]
[White "Jumabayev, Rinat"]
[Black "Vidit, Santosh Gujrathi"]
[Result "1-0"]
[WhiteElo "2572"]
[BlackElo "2625"]
[PlyCount "101"]
[EventDate "2015.03.27"]
[EventType "swiss"]
[EventRounds "9"]
[EventCountry "RUS"]
[Source "lmi"]
[SourceDate "2015.03.27"]

1. Nf3 d5 2. d4 Nf6 3. c4 e6 4. g3 Be7 5. Bg2 O-O 6. Bg5 Nbd7 7. O-O c6 8. Qc2
b6 9. Rd1 Bb7 10. Nc3 Rc8 11. e4 h6 12. Bxf6 Nxf6 13. e5 Nd7 14. Qb3 Rc7 15.
Rac1 Qb8 16. Bf1 dxc4 17. Qxc4 b5 18. Qe2 b4 19. Ne4 c5 20. dxc5 Qa8 21. c6
Rxc6 22. Rxc6 Bxc6 23. Bg2 Rd8 24. Nd6 Qb8 25. Nc4 Bb5 26. b3 Bc5 27. Nd4 Bxd4
28. Rxd4 Nb6 29. Qd2 Rxd4 30. Qxd4 Qc7 31. Qd6 Qxd6 32. Nxd6 Bd3 33. Be4 Bxe4
34. Nxe4 Kf8 35. Kf1 Ke7 36. Ke2 Kd7 37. Kd3 Kc6 38. Kd4 Nc8 39. h4 a5 40. h5
Kb5 41. g4 Kc6 42. f4 Ne7 43. Nd6 f5 44. exf6 gxf6 45. Nf7 Kd7 46. Nxh6 Nd5 47.
Ng8 Kd6 48. h6 Nxf4 49. Nxf6 Ke7 50. g5 Kf7 51. Nd7 1-0

[Event "Aeroflot Open 2015"]
[Site "Moscú RUS"]
[Date "2015.04.01"]
[Round "6.20"]
[White "Mozharov, Mikhail"]
[Black "Sethuraman, S.P."]
[Result "1/2-1/2"]
[WhiteElo "2555"]
[BlackElo "2623"]
[PlyCount "52"]
[EventDate "2015.03.27"]
[EventType "swiss"]
[EventRounds "9"]
[EventCountry "RUS"]
[Source "lmi"]
[SourceDate "2015.03.27"]

1. c4 e5 2. g3 Nf6 3. Bg2 Nc6 4. Nc3 Bc5 5. a3 a6 6. e3 h5 7. h3 d6 8. Nge2 Ba7
9. d4 Bd7 10. b4 Rb8 11. Bb2 Ne7 12. dxe5 dxe5 13. Nd5 Nexd5 14. cxd5 Qe7 15.
Rc1 Bb6 16. Nc3 Rd8 17. Na4 Bf5 18. Nxb6 cxb6 19. b5 O-O 20. bxa6 bxa6 21. O-O
Be4 22. Bxe4 Nxe4 23. Qxh5 Rxd5 24. Qf3 Rd2 25. Qxe4 Rxb2 26. Rb1 Rxb1 1/2-1/2

[Event "Aeroflot Open 2015"]
[Site "Moscú RUS"]
[Date "2015.04.01"]
[Round "6.21"]
[White "Ernst, Sipke"]
[Black "Ponkratov, Pavel"]
[Result "1/2-1/2"]
[WhiteElo "2530"]
[BlackElo "2613"]
[PlyCount "34"]
[EventDate "2015.03.27"]
[EventType "swiss"]
[EventRounds "9"]
[EventCountry "RUS"]
[Source "lmi"]
[SourceDate "2015.03.27"]

1. d4 Nf6 2. c4 e6 3. g3 c5 4. Nf3 cxd4 5. Nxd4 Nc6 6. Nc3 Qb6 7. Ndb5 Ne5 8.
Bf4 Nfg4 9. Qa4 g5 10. Bxe5 Qxf2+ 11. Kd1 Nxe5 12. Nc7+ Kd8 13. Nxa8 Qd4+ 14.
Kc2 Nxc4 15. Kb3 Nd2+ 16. Kc2 Nc4 17. Kb3 Nd2+ 1/2-1/2

[Event "Aeroflot Open 2015"]
[Site "Moscú RUS"]
[Date "2015.04.01"]
[Round "6.22"]
[White "Swayams, Mishra"]
[Black "Goganov, Aleksey"]
[Result "1/2-1/2"]
[WhiteElo "2440"]
[BlackElo "2598"]
[PlyCount "71"]
[EventDate "2015.03.27"]
[EventType "swiss"]
[EventRounds "9"]
[EventCountry "RUS"]
[Source "lmi"]
[SourceDate "2015.03.27"]

1. d4 Nf6 2. c4 e6 3. Nc3 Bb4 4. e3 O-O 5. Nge2 d5 6. a3 Be7 7. cxd5 exd5 8.
Nf4 Re8 9. Bd3 Bd6 10. O-O Bxf4 11. exf4 Nc6 12. Be3 Ne7 13. Qc2 g6 14. f3 h5
15. Bf2 Bf5 16. h3 Qd6 17. Ne2 Bxd3 18. Qxd3 a5 19. Rac1 Ra6 20. g4 hxg4 21.
hxg4 Rb6 22. Rc2 a4 23. Bg3 Rb3 24. Qd2 Nc6 25. Nc3 Na5 26. Qh2 Nc4 27. Qh4
Rxb2 28. Rxb2 Nxb2 29. Kg2 Qc6 30. Rh1 Nh5 31. gxh5 Qxc3 32. hxg6 Qc2+ 33. Kg1
Qb1+ 34. Kg2 Qc2+ 35. Kg1 Qb1+ 36. Kg2 1/2-1/2

[Event "Aeroflot Open 2015"]
[Site "Moscú RUS"]
[Date "2015.04.01"]
[Round "6.23"]
[White "Iturrizaga Bonelli, Eduardo"]
[Black "Svane, Rasmus"]
[Result "1/2-1/2"]
[WhiteElo "2630"]
[BlackElo "2509"]
[PlyCount "41"]
[EventDate "2015.03.27"]
[EventType "swiss"]
[EventRounds "9"]
[EventCountry "RUS"]
[Source "lmi"]
[SourceDate "2015.03.27"]

1. Nf3 d5 2. c4 c6 3. e3 Nf6 4. Nc3 a6 5. Qc2 e6 6. d4 c5 7. dxc5 Bxc5 8. a3
dxc4 9. Bxc4 b5 10. Bd3 Be7 11. e4 Bb7 12. e5 Nd5 13. Ne4 Nd7 14. Qe2 Qc7 15.
O-O Rd8 16. Ng3 O-O 17. Bd2 N5b6 18. Rac1 Qb8 19. Bf4 Bxf3 20. Qxf3 Nd5 21. Qe4
1/2-1/2

[Event "Aeroflot Open 2015"]
[Site "Moscú RUS"]
[Date "2015.04.01"]
[Round "6.24"]
[White "Bok, Benjamin"]
[Black "Gundavaa, Bayarsaikhan"]
[Result "1-0"]
[WhiteElo "2587"]
[BlackElo "2505"]
[PlyCount "97"]
[EventDate "2015.03.27"]
[EventType "swiss"]
[EventRounds "9"]
[EventCountry "RUS"]
[Source "lmi"]
[SourceDate "2015.03.27"]

1. e4 c5 2. Nf3 d6 3. d4 cxd4 4. Nxd4 Nf6 5. Nc3 a6 6. Be3 e6 7. Be2 Qc7 8. f3
b5 9. Qd2 Nbd7 10. g4 b4 11. Na4 h6 12. c3 Nc5 13. Nxc5 dxc5 14. Nc2 Rb8 15.
cxb4 cxb4 16. Rc1 Qb7 17. Bf4 Bd7 18. Ne3 b3 19. a3 Be7 20. Bxa6 Qa7 21. Bxb8
Qxb8 22. O-O O-O 23. Rfd1 Qb6 24. Bf1 Bc5 25. Rc3 e5 26. Kg2 Bd4 27. Rd3 Be6
28. Rxd4 exd4 29. Qxd4 Qc7 30. Bc4 Qa5 31. e5 Nh7 32. h4 Rc8 33. Bxe6 fxe6 34.
Qd7 Qa6 35. Qd3 Qb6 36. Qd6 Rc6 37. Qd8+ Nf8 38. Qxb6 Rxb6 39. Kg3 g5 40. Rd8
Rb5 41. Nc4 Kg7 42. h5 Rc5 43. Rd4 Kf7 44. a4 Ke7 45. a5 Nd7 46. a6 Rc7 47. Nd6
Rc5 48. a7 Ra5 49. Nc8+ 1-0

[Event "Aeroflot Open 2015"]
[Site "Moscú RUS"]
[Date "2015.04.01"]
[Round "6.25"]
[White "Stupak, Kirill"]
[Black "Idani, Pouya"]
[Result "0-1"]
[WhiteElo "2567"]
[BlackElo "2496"]
[PlyCount "88"]
[EventDate "2015.03.27"]
[EventType "swiss"]
[EventRounds "9"]
[EventCountry "RUS"]
[Source "lmi"]
[SourceDate "2015.03.27"]

1. d4 Nf6 2. c4 c5 3. d5 e6 4. Nc3 exd5 5. cxd5 d6 6. g3 g6 7. Bg2 Bg7 8. Nf3
O-O 9. O-O Re8 10. Bf4 Na6 11. Re1 Bg4 12. Qb3 b5 13. Qxb5 Nb4 14. Red1 Rb8 15.
Qc4 Bc8 16. a4 a5 17. Nb5 Ba6 18. Nd2 Nh5 19. Rab1 Nxf4 20. gxf4 Qd7 21. e3
Rxb5 22. axb5 Bxb5 23. Qc1 Nd3 24. Qc2 Nb4 25. Qc1 g5 26. fxg5 Qg4 27. h3 Qxg5
28. Nf3 Qh5 29. Rd2 Bd7 30. Qc4 Qg6 31. Qf1 Bxh3 32. Nh4 Bxg2 33. Nxg2 Re5 34.
Rbd1 Rg5 35. f4 Rg3 36. Qe2 Rh3 37. Qb5 h5 38. Qxa5 Bf6 39. Qb5 Qg3 40. Qe8+
Kg7 41. Qe4 c4 42. Qxc4 Qh2+ 43. Kf1 Rf3+ 44. Rf2 Rxf2+ 0-1

[Event "Aeroflot Open 2015"]
[Site "Moscú RUS"]
[Date "2015.04.01"]
[Round "6.26"]
[White "Kotronias, Vasilios"]
[Black "Vishnu, Prasanna. V"]
[Result "1/2-1/2"]
[WhiteElo "2565"]
[BlackElo "2477"]
[PlyCount "149"]
[EventDate "2015.03.27"]
[EventType "swiss"]
[EventRounds "9"]
[EventCountry "RUS"]
[Source "lmi"]
[SourceDate "2015.03.27"]

1. e4 e5 2. Nf3 Nc6 3. Bb5 a6 4. Ba4 Nf6 5. O-O Be7 6. Re1 b5 7. Bb3 d6 8. c3
O-O 9. h3 Bb7 10. d4 Re8 11. Nbd2 Bf8 12. a3 g6 13. Ba2 Bg7 14. Qb3 Qd7 15. d5
Ne7 16. c4 c6 17. dxc6 Nxc6 18. cxb5 Na5 19. Qd1 axb5 20. b4 Nc6 21. Bb2 Nd8
22. Nh2 Ne6 23. Ng4 Nxg4 24. Qxg4 Rac8 25. Nb3 Rc2 26. Rab1 Rec8 27. Qd1 Qe7
28. Na5 Ba8 29. Bb3 R2c7 30. Bd5 Bh6 31. Bxa8 Rxa8 32. Qd5 Rac8 33. Qxb5 Nf4
34. Qf1 Rc2 35. b5 Qg5 36. Kh1 Qh4 37. Kg1 Qg5 38. Kh2 Qh4 39. Kg1 Qg5 40. Kh2
Qh4 41. Kg1 Qg5 42. Kh1 Qh4 43. g3 Qxh3+ 44. Qxh3 Nxh3 45. Kg2 Nxf2 46. Kf1 Bd2
47. Re2 Nxe4 48. Rxe4 Bxa5 49. Re2 f5 50. a4 Rxe2 51. Kxe2 Rc4 52. Bc1 Kf7 53.
Be3 f4 54. gxf4 exf4 55. Bf2 Rxa4 56. b6 Bxb6 57. Rxb6 Ke6 58. Bc5 Kf5 59. Rxd6
Kg4 60. Bf2 Ra2+ 61. Kf1 Kf3 62. Rd3+ Ke4 63. Rb3 g5 64. Rh3 g4 65. Rxh7 Kf3
66. Be1 Ra1 67. Re7 g3 68. Kg1 Kg4 69. Rg7+ Kf3 70. Re7 Ra2 71. Re8 Re2 72.
Rxe2 Kxe2 73. Bxg3 fxg3 74. Kg2 Ke3 75. Kxg3 1/2-1/2

[Event "Aeroflot Open 2015"]
[Site "Moscú RUS"]
[Date "2015.04.01"]
[Round "6.27"]
[White "Sanal, Vahap"]
[Black "Oparin, Grigoriy"]
[Result "1/2-1/2"]
[WhiteElo "2487"]
[BlackElo "2562"]
[PlyCount "88"]
[EventDate "2015.03.27"]
[EventType "swiss"]
[EventRounds "9"]
[EventCountry "RUS"]
[Source "lmi"]
[SourceDate "2015.03.27"]

1. e4 c5 2. Nf3 Nc6 3. d4 cxd4 4. Nxd4 Nf6 5. Nc3 e5 6. Ndb5 d6 7. Bg5 a6 8.
Na3 b5 9. Nd5 Be7 10. Bxf6 Bxf6 11. c4 b4 12. Nc2 a5 13. g3 O-O 14. Bg2 Bg5 15.
O-O Be6 16. Qd3 Ra7 17. Rad1 Rd7 18. f4 exf4 19. gxf4 Bh6 20. Nde3 Qb6 21. Kh1
Qc5 22. b3 Rdd8 23. Nf5 Bxf5 24. exf5 Ne7 25. Ne3 Kh8 26. Be4 Rde8 27. Ng4 Ng8
28. Rf3 d5 29. Bxd5 Qe7 30. Re3 Qc7 31. Nxh6 Nxh6 32. f6 Qxf4 33. fxg7+ Kxg7
34. Rf3 Qe5 35. Rh3 Rg8 36. Rf1 Re7 37. Qd2 Ng4 38. Qd3 h5 39. Rg3 Kh8 40. Bxf7
Rf8 41. Qg6 Rexf7 42. Rxf7 Rxf7 43. Qxf7 Qe1+ 44. Rg1 Qe4+ 1/2-1/2

[Event "Aeroflot Open 2015"]
[Site "Moscú RUS"]
[Date "2015.04.01"]
[Round "6.29"]
[White "Batchuluun, Tsegmed"]
[Black "Esen, Baris"]
[Result "0-1"]
[WhiteElo "2499"]
[BlackElo "2571"]
[PlyCount "158"]
[EventDate "2015.03.27"]
[EventType "swiss"]
[EventRounds "9"]
[EventCountry "RUS"]
[Source "lmi"]
[SourceDate "2015.03.27"]

1. d4 f5 2. Nf3 Nf6 3. g3 g6 4. Bg2 Bg7 5. O-O O-O 6. b4 d6 7. Bb2 Qe8 8. c4 h6
9. Nbd2 g5 10. Qc2 Nc6 11. b5 Nd8 12. e4 f4 13. gxf4 Nh5 14. f5 e6 15. d5 Bxb2
16. Qxb2 exf5 17. e5 g4 18. e6 gxf3 19. Bxf3 Nf6 20. Rae1 Nxe6 21. dxe6 Bxe6
22. Bxb7 Rb8 23. Bf3 Kh7 24. Kh1 Qf7 25. Qc2 Rg8 26. Rg1 Nd7 27. Be2 Ne5 28. f4
Nd7 29. Rg3 Nc5 30. Reg1 Rxg3 31. Rxg3 Qf6 32. Qc3 Qxc3 33. Rxc3 a6 34. Re3
axb5 35. cxb5 Kg6 36. Nb3 Bd5+ 37. Kg1 Ne6 38. Bf1 Ra8 39. Bg2 Nxf4 40. Bxd5
Nxd5 41. Rd3 Nf4 42. Rd2 Kg5 43. Kf2 Ra4 44. Kf3 Ng6 45. Rg2+ Kf6 46. Rc2 Ne5+
47. Kg2 Nc4 48. Kf3 Na3 49. Rxc7 Nxb5 50. Rh7 Rxa2 51. Rxh6+ Ke5 52. Nc1 Nd4+
53. Ke3 f4+ 54. Kd3 Ra3+ 55. Kd2 Nf3+ 56. Ke2 Re3+ 57. Kd1 Nd4 58. Kd2 d5 59.
Nd3+ Ke4 60. Nc5+ Kf5 61. Rh5+ Kg4 62. Rxd5 Nf3+ 63. Kd1 Re1+ 64. Kc2 Ne5 65.
Kd2 Re3 66. Rd8 Nf3+ 67. Kc2 Nxh2 68. Rg8+ Kh4 69. Nd3 f3 70. Kd2 Re4 71. Rg7
Ng4 72. Rg8 Ne5 73. Rf8 Kg3 74. Rg8+ Kh2 75. Rh8+ Kg1 76. Rh1+ Kg2 77. Re1 f2
78. Rxe4 Nf3+ 79. Ke3 f1=Q 0-1

[Event "Aeroflot Open 2015"]
[Site "Moscú RUS"]
[Date "2015.04.01"]
[Round "6.30"]
[White "Ankit, R. Rajpara"]
[Black "Yilmaz, Mustafa"]
[Result "0-1"]
[WhiteElo "2477"]
[BlackElo "2570"]
[PlyCount "74"]
[EventDate "2015.03.27"]
[EventType "swiss"]
[EventRounds "9"]
[EventCountry "RUS"]
[Source "lmi"]
[SourceDate "2015.03.27"]

1. e4 c5 2. c3 Nf6 3. e5 Nd5 4. Nf3 d6 5. Bc4 e6 6. d4 cxd4 7. cxd4 Be7 8. O-O
O-O 9. Bd2 Nc6 10. Nc3 dxe5 11. dxe5 Nxc3 12. Bxc3 b6 13. Qe2 Bb7 14. Bd3 Qc7
15. Rac1 Rad8 16. Be4 Qb8 17. Qc2 g6 18. Qa4 Qa8 19. Bb1 Nb8 20. Qf4 Na6 21. b4
Nc7 22. Bd2 Rd7 23. Ng5 Bxg2 24. Rfe1 Bxg5 25. Qxg5 Bh1 26. Be3 Nd5 27. h4 Rfd8
28. h5 Nxe3 29. Rxe3 h6 30. Qg3 g5 31. Bc2 Bc6 32. b5 Bb7 33. Bb3 Rd4 34. f3
Rd3 35. Rce1 Bxf3 36. Bc2 Rxe3 37. Rxe3 Rd2 0-1

[Event "Aeroflot Open 2015"]
[Site "Moscú RUS"]
[Date "2015.04.01"]
[Round "6.31"]
[White "Sandipan, Chanda"]
[Black "Asgarizadeh, Ahmad"]
[Result "0-1"]
[WhiteElo "2569"]
[BlackElo "2412"]
[PlyCount "110"]
[EventDate "2015.03.27"]
[EventType "swiss"]
[EventRounds "9"]
[EventCountry "RUS"]
[Source "lmi"]
[SourceDate "2015.03.27"]

1. d4 Nf6 2. Nf3 c5 3. c3 d5 4. Bf4 Nc6 5. e3 Qb6 6. Qb3 c4 7. Qc2 Bf5 8. Qc1
Nh5 9. Bg3 Nxg3 10. hxg3 h6 11. Nbd2 e6 12. Be2 Be7 13. Bd1 O-O 14. Bc2 Bxc2
15. Qxc2 f5 16. b3 cxb3 17. axb3 Rfc8 18. Qd3 a5 19. O-O Qa6 20. c4 Nb4 21. Qe2
Bf6 22. Ne1 e5 23. Nd3 Nxd3 24. Qxd3 exd4 25. exd4 dxc4 26. bxc4 Rd8 27. Nf3 a4
28. Rfb1 Qc6 29. c5 Qxc5 30. Rb5 Qc6 31. Rxf5 Rd5 32. g4 Rxf5 33. gxf5 Qd5 34.
Qc3 b5 35. Ne5 Rd8 36. Qc7 Kh7 37. Ng4 Qxd4 38. Nxf6+ Qxf6 39. Re1 Rd5 40. g4
a3 41. Qc2 Rd4 42. Re6 Rxg4+ 43. Kf1 Qa1+ 44. Re1 Rg1+ 45. Kxg1 Qxe1+ 46. Kg2
Qe8 47. Kf1 b4 48. Qc4 Qe5 49. Qf7 Qf6 50. Qd5 Qa6+ 51. Kg2 Qf6 52. Kf1 Qa6+
53. Kg2 a2 54. f6 Qxf6 55. Qxa2 Qg6+ 0-1